000 01135cas a22003257a 4500
005 20220329142108.0
008 990621d1948 es qr pernn 0 uub1spa d
010 _a78363
011 _a79335
035 _a89551
245 0 0 _aBoletín Bibliográfico Agrícola
_c/por Ministerio de Agricultura. Dirección General de Capacitación Agraria
260 0 _aMadrid, España :
_bMinisterio de Agricultura. Dirección General de Capacitación Agraria,
_c1948-
300 _av.
310 _aTrimestral
362 1 _an. 63, 1969
500 _aSe dejó de recibir a partir de mayo de 1969.
590 _aBATCH-UPD
_b10
_c20130110
_lUCH01
_h2354
590 _aBATCH-UPD
_b10
_c20130410
_lUCH01
_h1641
590 _aCONVERSION
_b10
_c20130109
_lUCH01
_h1343
650 1 4 _aAgricultura
_xBibliografia
_xPublicaciones periodicas.
_91334
866 _an.1-10 (1948-1949)
866 _an.12 (1950)
866 _an.15-16 (1951)
866 _an.19,21 (1952)
866 _an.23-25 (1953)
866 _an.27-28 (1954)
866 _an.45-63 (1958-1969)
901 _aSE
905 _aMarco A. Mendoza T.
999 _c78363
_d78363